Olympic Medal Count Winners - Statistics

General Stats
  • This quiz has been taken 32 times
  • The average score is 51 of 54
Answer Stats
Year Games Type Host Nation Medal Count Winner % Correct
2008 Summer China China
100%
1994 Winter Norway Russia
100%
2014 Winter Russia Russia
100%
1896 Summer Greece United States
100%
1904 Summer United States United States
100%
1912 Summer Sweden United States
100%
1920 Summer Belgium United States
100%
1924 Summer France United States
100%
1928 Summer Netherlands United States
100%
1932 Winter United States United States
100%
1932 Summer United States United States
100%
1952 Summer Finland United States
100%
1964 Summer Japan United States
100%
1968 Summer Mexico United States
100%
1984 Summer United States United States
100%
1996 Summer United States United States
100%
2000 Summer Australia United States
100%
2004 Summer Greece United States
100%
2012 Summer Great Britain United States
100%
2016 Summer Brazil United States
100%
2020 Summer Japan United States
100%
1908 Summer Great Britain Great Britain
97%
1948 Summer Great Britain Great Britain
97%
2010 Winter Canada Canada
93%
1936 Summer Germany Germany
93%
1992 Winter France Germany
93%
1998 Winter Japan Germany
93%
2006 Winter Italy Germany
93%
1924 Winter France Norway
93%
1928 Winter Switzerland Norway
93%
1936 Winter Germany Norway
93%
1948 Winter Switzerland Norway
93%
1952 Winter Norway Norway
93%
1968 Winter France Norway
93%
2002 Winter United States Norway
93%
2018 Winter South Korea Norway
93%
2022 Winter China Norway
93%
1956 Winter Italy Soviet Union
93%
1956 Summer Australia Soviet Union
93%
1960 Winter United States Soviet Union
93%
1960 Summer Italy Soviet Union
93%
1964 Winter Austria Soviet Union
93%
1972 Winter Japan Soviet Union
93%
1972 Summer West Germany Soviet Union
93%
1976 Winter Austria Soviet Union
93%
1976 Summer Canada Soviet Union
93%
1980 Winter United States Soviet Union
93%
1980 Summer Soviet Union Soviet Union
93%
1988 Winter Canada Soviet Union
93%
1988 Summer South Korea Soviet Union
93%
1948 Winter Switzerland Sweden
93%
1900 Summer France France
90%
1984 Winter Yugoslavia East Germany
59%
1992 Summer Spain Unified Team
48%
No matching quizzes found
Score Distribution
Percent of People with Each Score
Percentile by Number Answered
Your Score History
You have not taken this quiz